Central Library || Chittagong University

ইবনে বতুতার সফর নামা / (Record no. 109965)

MARC details
000 -LEADER
fixed length control field 00967nam a2200229 a 4500
001 - CONTROL NUMBER
control field 018460
003 - CONTROL NUMBER IDENTIFIER
control field BD-ChCU
005 - DATE AND TIME OF LATEST TRANSACTION
control field 20251130121010.0
008 - FIXED-LENGTH DATA ELEMENTS--GENERAL INFORMATION
fixed length control field 251130 Ben
020 ## - INTERNATIONAL STANDARD BOOK NUMBER
International Standard Book Number 9789849576907
040 ## - CATALOGING SOURCE
Original cataloging agency DLC
Transcribing agency DLC
Modifying agency BD-ChCU
082 00 - DEWEY DECIMAL CLASSIFICATION NUMBER
Classification number ৯১০.৪/ইব ২
100 ## - MAIN ENTRY--PERSONAL NAME
Personal name বিশ্বাস, মুহম্মদ জালালউদ্দীন
Relator term অনুবাদক
Numeration -
9 (RLIN) 17152
245 10 - TITLE STATEMENT
Title ইবনে বতুতার সফর নামা /
Remainder of title -
Statement of responsibility, etc. মুহম্মদ জালালউদ্দীন বিশ্বাস (অনুবাদক)
250 ## - EDITION STATEMENT
Edition statement ***
260 ## - PUBLICATION, DISTRIBUTION, ETC.
Place of publication, distribution, etc. ঢাকা :
Name of publisher, distributor, etc. বাংলা একাডেমী মেরিট ফেয়ার প্রকাশন,
Date of publication, distribution, etc. c২০২৪
300 ## - PHYSICAL DESCRIPTION
Extent ২৬৪পৃ. :
Dimensions ২২ সেমি
504 ## - BIBLIOGRAPHY, ETC. NOTE
Bibliography, etc. note - Biblio-
650 #0 - SUBJECT ADDED ENTRY--TOPICAL TERM
Topical term or geographic name entry element বর্ণনা ও ভ্রমন কাহিনী
Topical term following geographic name entry element ভ্রমন কাহিনী
700 1# - ADDED ENTRY--PERSONAL NAME
Personal name -
942 ## - ADDED ENTRY ELEMENTS (KOHA)
Source of classification or shelving scheme Dewey Decimal Classification
Koha item type Books
Holdings
Withdrawn status Lost status Source of classification or shelving scheme Damaged status Not for loan Home library Current library Shelving location Date acquired Source of acquisition Total Checkouts Full call number Barcode Date last seen Copy number Price effective from Koha item type
    Dewey Decimal Classification     Chittagong University Library Chittagong University Library Arts and Humanities Reading Room 11/30/2025 ক্রয়কৃত   ৯১০.৪ ইব ২ 334622 11/30/2025 ক-১ 11/30/2025 Books
    Dewey Decimal Classification     Chittagong University Library Chittagong University Library Arts and Humanities Reading Room 11/30/2025 ক্রয়কৃত   ৯১০.৪ ইব ২ 334623 11/30/2025 ক-২ 11/30/2025 Books
© Copyright 2026. Chittagong University Library, Installation and Maintenance by Prof. Dr. Md. Alamgir, 01711306253